000
00324nam a2200133Ia 4500
008
191201s1995 xx 000 0 und d
082
_a
677
_b
GHI
100
_a
GHOSH, G K
245
0
_a
Indian Textile Past and Present
260
_a
N.Delhi
_b
A P H Publisher
_c
1995
300
_a
306
650
_a
B.Tech(TE)
942
_2
ddc
_c
BK
999
_c
2349
_d
2349